Statistiques concernant Héroïnes Disney

Cliquez ici pour prendre le quiz!

Statistiques générales

  • Ce quiz a été pris 221 fois
  • Le résultat moyen est 23 sur 24

Statistiques - réponses

QuestionRéponse% Correct
Elle à suivit un lapin blanc en retardAlice
100%
Détestée par sa belle-mère pour sa beauté, elle finit par vivre chez sept nainsBlanche-Neige
100%
Petite terrienne amie d'un extraterrestre bleuLilo
100%
Elle a sauvée la chineMulan
100%
Qui a des cheveux longs et magique ?Raiponce
100%
Petite fée blonde jalouse, amie de Peter PanClochette
99%
Princesse aventurière vivant dans les îlesVaiana
99%
Elle n'a pas de pouvoir mais elle réussi à voler la vedette sa sœurAnna
98%
Elle à dormit 100 ans après avoir subit une malédictionAurore
98%
Elle est contrainte de faire les taches de ménage que lui oblige sa marâtre et ses idiotes de demi-sœursCendrillon
98%
Elle a donné vie à un bonhomme des neiges rien qu'avec ses pouvoirsElsa
98%
Elle est intelligente et curieuse, ceux qui l’emmène droit dans les griffes d'une bêteBelle
97%
Courageuse mais parfois têtues, reconnaissable pour son abondante chevelure rousseMerida
97%
Princesse de jeux video qui devient ami avec un "méchant"Vanellope
97%
Jeune londonienne qui à voler jusqu'au Pays ImaginaireWendy
97%
Lors de son voyage elle tombe amoureuse d'un homme de la jungleJane
96%
Malgré son rang, elle tombe amoureuse d'un mendiant et finie même par se marier avecJasmine
96%
Elle est une grande passionnée par le monde humain, malgré l'opposition de son pèreAriel
95%
Fille d'un grand chef, elle parle à un arbre et aux animauxPocahontas
95%
Elle est la princesse d'un royaume perduKida
93%
Elle est sous l'emprise de Hades dieu des Enfers avant de tombée amoureuse d'un HéroMegara
91%
Elle n'a pas de pouvoir mais pourtant elle sauve sa familleMirabel
89%
C'est une travailleuse acharnée, déterminée à réaliser son rêveTiana
86%
C'est la fille d'un chef et grande amie des dragonsRaya
85%

Distribution des résultats

Percentile par nombre de réponses

% des personnes avec chaque résultat

Votre développement - résultats

Vous n’avez pas pris ce quiz